000 00855nam a2200253 i 4500
001 16336
003 ES-MaACL
005 20230906151310.0
007 t|
008 000830s1999 sp ||||1| spa d
020 _a84-88170-23-8
080 _a821.134.2.09(049.32)
080 _a821.134.2(7/8).09(049.32)
245 0 4 _aLas mejores obras de la literatura española e hispanoamericana.
260 _aElche :
_bAsociación Cultural Frutos del Tiempo,
_c[1999]
300 _a227 p. ;
_c19 cm.
490 1 _aSolara literatura
650 1 4 _aLiteratura española-
_vReseñas bibliográficas.
_914567
650 1 4 _aLiteratura hispanoamericana-
_vReseñas bibliográficas.
_914607
710 2 _aAsociación Cultural Frutos del Tiempo.
_91537
830 0 _aSolara literatura
_9228644
852 _aES-MaACL
_jL-23536
_bR.128789
999 _c16336
_d16336